000 01056nam a2200265Ia 4500
003 OSt
005 20220923211227.0
006 a|||||r|||| 00| 0
007 ta
008 220922b |||||||| |||| 00| 0 san d
020 _a9788170803553 (pbk)
_c275
024 _a263,035
037 _b243, 01/10/2011, Eastern Book Linkers
_cTextual
040 _aARTS
_cARTS
_bsan
041 _2san
_asan
082 _aDelta2:864, 152Q1
100 _aझा, सुरकान्त, संपा.
_9157180
245 0 _aनक्षत्र - ग्रहदोषनिवारण
246 _aNakṣhatra - grahadoṣhanivāraṇa
260 _aवाराणसी
_b चौखम्बा संस्कृत सीरीज आफिस
_c2011
300 _a391पृ0
_ccm.
650 _aआध्यात्मिक अनुभव और रहस्यवाद
942 _hDelta2:864, 152Q1
_cTEXL
_2CC
999 _c297261
_d297261